00730 2200205 4500001002100000005001500021035002000036008004100056245005900097100002000156250000600176260003800182300001200220084001400232082000800246650001000254520023600264990001200500990001200512INLIS00000000000087020240604115849 a0010-0524000105240604 1 ind 1 aCLBK ( Cinta, Luka Bersemi Kembali ) /cFeby Andriawan aAndriawan, Feby a1 aYogyakarta :bSheila/ Andi,c2015 a264 hlm a813 FEB c a813 4aFiksi aCinta, Luka, Bersemi Kembali menggambarkan kehidupan anak SMA yang kental akan kisah persahabatan dan ccinta. Terkadang, ketika cinta sudah tumbuh di hati, di situlah sebenarnya tersedia luka yang bias kapan saja siap menggerogoti. a0741340 a0741341